[Event "Belgrade Ada op"]
[Site "Belgrade"]
[Date "2005.08.22"]
[Round "8"]
[White "Rajkovic, Dusan"]
[Black "Abramovic, Bosko"]
[Result "1/2-1/2"]
[WhiteElo "2461"]
[BlackElo "2489"]
[PlyCount "21"]
[EventDate "2005.08.15"]
[EventType "swiss"]
[EventRounds "9"]
[EventCountry "YUG"]
[Source "ChessBase"]
[SourceDate "2005.09.02"]

1. d4 d5 2. c4 e6 3. Nc3 Be7 4. Nf3 Nf6 5. Bg5 h6 6. Bh4 O-O 7. e3 b6 8. Rc1
Bb7 9. Bxf6 Bxf6 10. cxd5 exd5 11. b4 1/2-1/2

[Event "POL-chT"]
[Site "Lubniewice"]
[Date "2005.09.03"]
[Round "1"]
[White "Krasenkow, Michal"]
[Black "Rustemov, Alexander"]
[Result "1/2-1/2"]
[WhiteElo "2663"]
[BlackElo "2564"]
[PlyCount "88"]
[EventDate "2005.09.03"]
[EventType "team"]
[EventRounds "9"]
[EventCountry "POL"]
[Source "ChessBase"]
[SourceDate "2005.11.04"]

1. d4 d5 2. Nf3 Nf6 3. c4 e6 4. Nc3 Be7 5. Bg5 h6 6. Bh4 O-O 7. e3 b6 8. Rb1
Nbd7 9. cxd5 Nxd5 10. Bxe7 Nxe7 11. b4 c5 12. dxc5 bxc5 13. b5 Qa5 14. Rc1 Nb6
15. Be2 Ned5 16. Qd2 Nxc3 17. Qxc3 Qxa2 18. Ra1 Qd5 19. Rd1 Qf5 20. Bd3 Qf6 21.
Qxc5 Bb7 22. Be2 Rfc8 23. Qd4 Qxd4 24. Rxd4 Rc2 25. Rd2 Rc1+ 26. Rd1 Rxd1+ 27.
Kxd1 a6 28. bxa6 Bxa6 29. Bxa6 Rxa6 30. Re1 Ra2 31. Re2 Ra1+ 32. Kc2 Nd5 33.
Rd2 g5 34. h3 Kg7 35. Kd3 Ra3+ 36. Ke2 Nc3+ 37. Kf1 Ra1+ 38. Ne1 h5 39. Rc2 Ra3
40. g3 f5 41. Nf3 Kf6 42. Kg2 g4 43. hxg4 hxg4 44. Nd2 Ra2 1/2-1/2

[Event "Wch U20"]
[Site "Instanbul"]
[Date "2005.11.16"]
[Round "7"]
[White "Nyback, Tomi"]
[Black "Romanov, Evgeny"]
[Result "1-0"]
[WhiteElo "2563"]
[BlackElo "2479"]
[PlyCount "97"]
[EventDate "2005.11.09"]
[EventType "swiss"]
[EventRounds "13"]
[EventCountry "TUR"]
[Source "ChessBase"]
[SourceDate "2006.01.03"]

1. Nf3 d5 2. d4 Nf6 3. c4 e6 4. Nc3 Be7 5. Bg5 h6 6. Bh4 O-O 7. e3 b6 8. Be2
Bb7 9. Bxf6 Bxf6 10. cxd5 exd5 11. O-O Re8 12. Qb3 c6 13. Rfe1 Nd7 14. Red1 Nf8
15. e4 Ne6 16. e5 Be7 17. Bd3 g6 18. Bb1 Bf8 19. Ne2 h5 20. Qe3 Kh7 21. Nf4 Bh6
22. Nxe6 Rxe6 23. Qd3 a5 24. g3 c5 25. Nh4 Ba6 26. Qf3 Kg8 27. dxc5 Bb7 28.
cxb6 Qxb6 29. Qb3 Qa7 30. Nf3 Rae8 31. Bd3 a4 32. Qb4 Rb6 33. Qc5 Bf8 34. Qd4
Qa5 35. Qf4 Rb4 36. Nd4 Bg7 37. a3 Rb6 38. e6 fxe6 39. Bxg6 Rf8 40. Qc7 Qa7 41.
Qe7 Rf6 42. Qd8+ Rf8 43. Qg5 Rf6 44. Qxh5 Kf8 45. Rac1 Rd6 46. Nf5 Rd8 47. Rc7
Qa5 48. Rdc1 exf5 49. Qh7 1-0

[Event "GRE-ch 55th"]
[Site "Kalamata"]
[Date "2005.11.21"]
[Round "6"]
[White "Mastrovasilis, Athanasios"]
[Black "Halkias, Stelios"]
[Result "1/2-1/2"]
[WhiteElo "2496"]
[BlackElo "2540"]
[PlyCount "208"]
[EventDate "2005.11.16"]
[EventType "tourn"]
[EventRounds "9"]
[EventCountry "GRE"]
[EventCategory "10"]
[Source "ChessBase"]
[SourceDate "2006.01.03"]

1. d4 d5 2. c4 e6 3. Nc3 Be7 4. Nf3 Nf6 5. Bg5 h6 6. Bh4 O-O 7. e3 b6 8. Bd3
Bb7 9. O-O Nbd7 10. Bg3 c5 11. cxd5 Nxd5 12. Nxd5 Bxd5 13. Qe2 cxd4 14. Nxd4
Bf6 15. Rfd1 Bxd4 16. exd4 Bb7 17. Rac1 Rc8 18. Ba6 Bxa6 19. Qxa6 Nf6 20. Be5
Nd5 21. Qb7 Rxc1 22. Rxc1 Qg5 23. Rd1 Qg4 24. Re1 Qg5 25. Rd1 Qf5 26. Qc6 Qe4
27. Rc1 Qe2 28. Qc2 Qxc2 29. Rxc2 Rd8 30. Kf1 f6 31. Bg3 Kf7 32. a3 Rd7 33. Ke2
g5 34. f3 h5 35. h3 h4 36. Bh2 Ne7 37. Bg1 Nf5 38. Rc8 Kg6 39. Rg8+ Kf7 40. Ra8
Rc7 41. Kd2 Rd7 42. Ke2 Ng3+ 43. Ke1 Kg6 44. Bf2 Nh5 45. Be3 Kf5 46. Rf8 Rc7
47. Kd2 Rd7 48. Ke2 Ng3+ 49. Ke1 Rc7 50. Kd1 Nh5 51. Kd2 Rg7 52. Ke2 Nf4+ 53.
Bxf4 gxf4 54. Kf2 Rc7 55. Ra8 Rc2+ 56. Kg1 a5 57. b4 axb4 58. axb4 Rb2 59. Rh8
Rxb4 60. Rxh4 b5 61. Rh5+ Kg6 62. Rc5 Rb1+ 63. Kh2 b4 64. Rb5 b3 65. Rb7 Rb2
66. Rb5 Rb1 67. Rb7 f5 68. Rb6 Kf7 69. Rb7+ Kf6 70. Rb6 Kf7 71. Rb7+ Kf6 72.
Rb6 Rd1 73. Rxb3 Rxd4 74. Rb6 Rd2 75. Kg1 Ra2 76. Kf1 Rc2 77. Ra6 Rd2 78. Kg1
Ke7 79. Kf1 Rd4 80. Ke2 Rb4 81. Kf2 e5 82. h4 e4 83. fxe4 fxe4 84. h5 Rb2+ 85.
Kf1 Rb1+ 86. Ke2 Rb2+ 87. Kf1 e3 88. Ra4 Rf2+ 89. Kg1 Kf7 90. Ra7+ Kg8 91. h6
Rd2 92. Kf1 Rf2+ 93. Kg1 Rc2 94. Kf1 Rc1+ 95. Ke2 Kh8 96. Rf7 Rc2+ 97. Kf1 Rc4
98. Ke2 Re4 99. Rg7 Ra4 100. Rf7 Ra2+ 101. Kf1 Rf2+ 102. Kg1 Kg8 103. Rg7+ Kh8
104. Rf7 Kg8 1/2-1/2

[Event "SLO-chT1"]
[Site "Bled"]
[Date "2005.12.02"]
[Round "9"]
[White "Farago, Ivan"]
[Black "Lalic, Bogdan"]
[Result "1/2-1/2"]
[WhiteElo "2512"]
[BlackElo "2490"]
[PlyCount "32"]
[EventDate "2005.11.26"]
[EventType "team"]
[EventRounds "9"]
[EventCountry "SLO"]
[Source "ChessBase"]
[SourceDate "2006.01.03"]

1. d4 Nf6 2. c4 e6 3. Nf3 d5 4. Nc3 Be7 5. Bg5 O-O 6. e3 h6 7. Bh4 b6 8. Be2
Bb7 9. Bxf6 Bxf6 10. cxd5 exd5 11. b4 c6 12. Qb3 Qd6 13. O-O Nd7 14. a4 a5 15.
bxa5 Rxa5 16. e4 dxe4 1/2-1/2

[Event "ARM-chT clubs"]
[Site "Yerevan"]
[Date "2006.01.??"]
[Round "?"]
[White "Pashikian, Arman"]
[Black "Asrian, Karen"]
[Result "0-1"]
[WhiteElo "2472"]
[BlackElo "2646"]
[PlyCount "86"]
[EventDate "2006.01.??"]
[EventType "team"]
[EventRounds "4"]
[EventCountry "ARM"]
[Source "ChessBase"]
[SourceDate "2006.03.10"]

1. Nf3 d5 2. d4 Nf6 3. c4 e6 4. Nc3 Be7 5. Bg5 O-O 6. e3 h6 7. Bh4 b6 8. Be2
Bb7 9. Bxf6 Bxf6 10. cxd5 exd5 11. O-O Re8 12. b4 c6 13. Qb3 a5 14. bxa5 Rxa5
15. Rab1 Nd7 16. Bd3 Be7 17. a4 Bd6 18. Rfe1 Bc7 19. e4 dxe4 20. Nxe4 c5 21.
Neg5 hxg5 22. Rxe8+ Qxe8 23. Re1 Qf8 24. Nxg5 Nf6 25. Bc4 Bd5 26. Bxd5 c4 27.
Qxc4 Rxd5 28. Ne4 Qd8 29. Nxf6+ gxf6 30. Re4 f5 31. Rh4 Qxh4 32. Qxd5 Qxh2+ 33.
Kf1 Qh1+ 34. Ke2 Qh5+ 35. f3 Qg6 36. Kd3 f4+ 37. Qe4 Qxg2 38. Kc4 Qg6 39. Qe8+
Kg7 40. Kb5 Qe6 41. Qc6 Qe2+ 42. Kb4 Qb2+ 43. Kc4 Qc2+ 0-1

[Event "Moscow op"]
[Site "Moscow"]
[Date "2006.02.02"]
[Round "5"]
[White "Aleshin, Oleg"]
[Black "Rychagov, Andrey"]
[Result "1/2-1/2"]
[WhiteElo "2412"]
[BlackElo "2509"]
[PlyCount "95"]
[EventDate "2006.01.29"]
[EventType "swiss"]
[EventRounds "9"]
[EventCountry "RUS"]
[Source "ChessBase"]
[SourceDate "2006.03.10"]

1. d4 d5 2. c4 e6 3. Nc3 Nf6 4. Nf3 Be7 5. Bg5 O-O 6. e3 h6 7. Bh4 b6 8. Rc1
Bb7 9. Be2 Nbd7 10. O-O c5 11. cxd5 exd5 12. dxc5 bxc5 13. Qb3 Bc6 14. Bg3 a5
15. Rfd1 a4 16. Qc2 Qb6 17. Ne5 Nxe5 18. Bxe5 Rfd8 19. Bf3 Qb7 20. Ne2 Nd7 21.
Bc3 Nf8 22. Nf4 Bg5 23. Qf5 Bxf4 24. Qxf4 Ne6 25. Qg3 d4 26. Bxc6 Qxc6 27. exd4
Qd5 28. Qe5 cxd4 29. Qxd5 Rxd5 30. Bb4 Rb8 31. Ba3 Kh7 32. Rc4 Ra8 33. Kf1 Kg6
34. Rd3 Ra7 35. Bb4 Kf5 36. f3 Ke5 37. g3 Rb5 38. Ba3 Kd5 39. Rc8 Rbb7 40. Ke2
Rc7 41. Rxc7 Rxc7 42. Kd2 h5 43. b3 Ra7 44. Kc2 g5 45. Bb2 g4 46. fxg4 hxg4 47.
Rd1 Rc7+ 48. Kb1 1/2-1/2

[Event "Amber-rapid 15th"]
[Site "Monte Carlo"]
[Date "2006.03.28"]
[Round "9"]
[White "Anand, Viswanathan"]
[Black "Nielsen, Peter Heine"]
[Result "1-0"]
[WhiteElo "2792"]
[BlackElo "2644"]
[PlyCount "75"]
[EventDate "2006.03.18"]
[EventType "tourn (rapid)"]
[EventRounds "11"]
[EventCountry "MNC"]
[EventCategory "19"]
[Source "ChessBase"]
[SourceDate "2006.05.09"]

1. c4 Nf6 2. Nc3 e6 3. Nf3 d5 4. d4 Be7 5. Bg5 h6 6. Bh4 O-O 7. e3 b6 8. Rb1
Nbd7 9. cxd5 Nxd5 10. Bxe7 Qxe7 11. Nxd5 exd5 12. b4 c5 13. bxc5 bxc5 14. Bb5
Rb8 15. O-O c4 16. Ba4 Rxb1 17. Qxb1 Nf6 18. Ne5 Qc7 19. h3 Bd7 20. Nxd7 Nxd7
21. Qb5 Nf6 22. Rb1 h5 23. Bc2 Rd8 24. a4 g6 25. Qb7 Qa5 26. Qe7 Kg7 27. Rb7
Rd7 28. Rxd7 Nxd7 29. Qxd7 Qc3 30. Bxg6 Kxg6 31. Qxd5 Qc1+ 32. Kh2 c3 33. Qc6+
Kg7 34. d5 c2 35. d6 Qb2 36. d7 Qe5+ 37. g3 Qf5 38. Kg2 1-0

[Event "Frascati"]
[Site "Frascati"]
[Date "2006.04.01"]
[Round "8"]
[White "Berkes, Ferenc"]
[Black "Dervishi, Erald"]
[Result "1-0"]
[WhiteElo "2597"]
[BlackElo "2491"]
[PlyCount "67"]
[EventDate "2006.03.24"]
[EventType "tourn"]
[EventRounds "9"]
[EventCountry "ITA"]
[EventCategory "9"]
[Source "ChessBase"]
[SourceDate "2006.05.09"]

1. d4 Nf6 2. c4 e6 3. Nc3 d5 4. Bg5 Be7 5. e3 O-O 6. Nf3 h6 7. Bh4 b6 8. Be2
Bb7 9. Bxf6 Bxf6 10. cxd5 exd5 11. O-O Be7 12. Qb3 c6 13. a4 a5 14. Ne5 Na6 15.
e4 Nb4 16. exd5 cxd5 17. Rac1 Bd6 18. Nb5 Re8 19. f4 Ba6 20. Bh5 Re7 21. Rc3
Bxb5 22. axb5 Qe8 23. Rfc1 Bxe5 24. fxe5 Qxb5 25. Rg3 Rf8 26. Qf3 Re6 27. Rc7
Qe8 28. Qg4 g6 29. Qf4 Qd8 30. Rb7 Qa8 31. Bg4 Qxb7 32. Bxe6 Kh7 33. Rh3 h5 34.
Rxh5+ 1-0

[Event "DEN-ch"]
[Site "Aalborg"]
[Date "2006.04.16"]
[Round "9"]
[White "Aagaard, Jacob"]
[Black "Pedersen, Steffen"]
[Result "1/2-1/2"]
[WhiteElo "2447"]
[BlackElo "2446"]
[PlyCount "92"]
[EventDate "2006.04.08"]
[EventType "tourn"]
[EventRounds "9"]
[EventCountry "DEN"]
[EventCategory "8"]
[Source "ChessBase"]
[SourceDate "2006.05.09"]

1. c4 e6 2. Nc3 d5 3. d4 Nf6 4. Bg5 Be7 5. e3 h6 6. Bh4 O-O 7. Nf3 b6 8. cxd5
Nxd5 9. Bxe7 Qxe7 10. Nxd5 exd5 11. Rc1 Be6 12. Qa4 c5 13. dxc5 bxc5 14. Qa3
Rc8 15. Bb5 Qb7 16. Rxc5 Rxc5 17. Qxc5 Na6 18. Bxa6 Qxa6 19. Qa3 Qxa3 20. bxa3
Rb8 21. O-O Rb2 22. Ra1 Kf8 23. Nd4 Bd7 24. h3 Ke7 25. g4 g6 26. Kg2 Kd6 27.
Kg3 a5 28. h4 a4 29. Kf3 Ke7 30. Kg3 Kd6 31. Kf3 Ke7 32. Kg3 Rd2 33. Kf3 Kd6
34. Kg3 h5 35. gxh5 gxh5 36. Rc1 Rxa2 37. Rc3 Ra1 38. Kg2 Rb1 39. Kh2 Rb8 40.
Rc1 Rg8 41. Rb1 f6 42. Rb6+ Ke5 43. Rb7 Kd6 44. Rb6+ Ke5 45. Nf3+ Kf5 46. Nd4+
Ke5 1/2-1/2

[Event "EU-ch (Women) 7th playoff"]
[Site "Kusadasi"]
[Date "2006.04.16"]
[Round "1.1"]
[White "Mkrtchian, Lilit"]
[Black "Zhukova, Natalia"]
[Result "1/2-1/2"]
[WhiteElo "2453"]
[BlackElo "2425"]
[PlyCount "127"]
[EventDate "2006.04.16"]
[EventType "k.o."]
[EventRounds "3"]
[EventCountry "TUR"]
[Source "ChessBase"]
[SourceDate "2006.05.09"]

1. d4 d5 2. c4 e6 3. Nf3 Nf6 4. Nc3 Be7 5. Bg5 h6 6. Bh4 O-O 7. e3 b6 8. Bd3
Bb7 9. O-O Nbd7 10. Bg3 c5 11. cxd5 exd5 12. Rc1 Ne4 13. Bf4 Ndf6 14. Qe2 Nxc3
15. Rxc3 c4 16. Bb1 b5 17. Rcc1 b4 18. Ne5 a5 19. b3 cxb3 20. axb3 Bd6 21. Rfd1
Ne4 22. Bxe4 dxe4 23. Qg4 Kh8 24. Qh5 Bd5 25. Nd7 Bxf4 26. Qxd5 Bg5 27. Qb5 Re8
28. Ne5 Kg8 29. Rc6 Rb8 30. Qe2 Qd5 31. Rc5 Qxb3 32. Nc6 Ra8 33. Nxa5 Qa4 34.
Nc4 b3 35. d5 Reb8 36. h4 b2 37. hxg5 b1=Q 38. Rxb1 Rxb1+ 39. Kh2 hxg5 40. d6
Qd1 41. Qxd1 Rxd1 42. Rxg5 Rc8 43. Nb6 Rd8 44. d7 Rd6 45. Re5 Kf8 46. Nc4 Rh6+
47. Kg3 Rg6+ 48. Kh3 Rxd7 49. Rxe4 Rh6+ 50. Kg3 Rg6+ 51. Rg4 Rxg4+ 52. Kxg4 f6
53. Kf3 Kf7 54. e4 Rd3+ 55. Ne3 Rd2 56. Nd5 Rd3+ 57. Ke2 Ra3 58. Nf4 g5 59. Nd3
Ke6 60. Ke3 Ra2 61. g3 Ra3 62. Ke2 Ra2+ 63. Ke3 Ra3 64. Kd4 1/2-1/2

[Event "RUS-chT 13th"]
[Site "Sochi"]
[Date "2006.04.26"]
[Round "7"]
[White "Moiseenko, Alexander"]
[Black "Asrian, Karen"]
[Result "1/2-1/2"]
[WhiteElo "2662"]
[BlackElo "2646"]
[PlyCount "37"]
[EventDate "2006.04.20"]
[EventType "team"]
[EventRounds "11"]
[EventCountry "RUS"]
[Source "ChessBase"]
[SourceDate "2006.05.09"]

1. d4 d5 2. c4 e6 3. Nc3 Be7 4. Nf3 Nf6 5. Bg5 h6 6. Bh4 O-O 7. e3 b6 8. Bd3
Bb7 9. O-O Nbd7 10. Bg3 Bd6 11. Qe2 Bxg3 12. hxg3 c5 13. cxd5 Nxd5 14. Nxd5
Bxd5 15. Rfd1 Qe7 16. e4 Bb7 17. Ba6 Bxa6 18. Qxa6 cxd4 19. Rxd4 1/2-1/2

[Event "Voronezh op-A"]
[Site "Voronezh"]
[Date "2006.06.14"]
[Round "3"]
[White "Lutsko, Igor"]
[Black "Neverov, Valeriy"]
[Result "0-1"]
[WhiteElo "2471"]
[BlackElo "2572"]
[PlyCount "56"]
[EventDate "2006.06.12"]
[EventType "swiss"]
[EventRounds "9"]
[EventCountry "RUS"]
[Source "ChessBase"]
[SourceDate "2006.07.14"]

1. c4 e6 2. d4 d5 3. Nc3 Be7 4. Nf3 Nf6 5. Bg5 h6 6. Bh4 O-O 7. e3 b6 8. Bd3
Bb7 9. O-O Nbd7 10. Qe2 c5 11. cxd5 Nxd5 12. Bg3 cxd4 13. Nxd5 Bxd5 14. exd4
Nf6 15. Ne5 Bb7 16. Rfd1 Rc8 17. a3 Qd5 18. f3 Qxd4+ 19. Kh1 Qc4 20. Ng6 fxg6
21. Qxe6+ Rf7 22. Bxg6 Rcf8 23. Rac1 Bd5 24. Bxf7+ Rxf7 25. Qf5 Qb5 26. Rc8+
Bf8 27. b4 Qe2 28. Bd6 Qf2 0-1

[Event "Voronezh op-A"]
[Site "Voronezh"]
[Date "2006.06.16"]
[Round "5"]
[White "Lutsko, Igor"]
[Black "Rychagov, Andrey"]
[Result "1/2-1/2"]
[WhiteElo "2471"]
[BlackElo "2542"]
[PlyCount "120"]
[EventDate "2006.06.12"]
[EventType "swiss"]
[EventRounds "9"]
[EventCountry "RUS"]
[Source "ChessBase"]
[SourceDate "2006.07.14"]

1. d4 d5 2. c4 e6 3. Nc3 Nf6 4. Bg5 Be7 5. e3 O-O 6. Nf3 h6 7. Bh4 b6 8. Bd3
Bb7 9. O-O Nbd7 10. Bg3 c5 11. cxd5 Nxd5 12. Qe2 N7f6 13. Rfd1 cxd4 14. exd4
Nh5 15. Qe4 g6 16. Qe1 Nxg3 17. hxg3 Rc8 18. Ne5 Nxc3 19. bxc3 Bf6 20. Ng4 Bg7
21. Rac1 Qd6 22. Qd2 h5 23. Ne3 Rc7 24. Be2 Rfc8 25. Bf3 Bxf3 26. gxf3 e5 27.
dxe5 Qxe5 28. c4 h4 29. f4 Qe6 30. f5 gxf5 31. Nd5 Rxc4 32. Rxc4 Rxc4 33. Nf4
Qh6 34. Qd8+ Bf8 35. Rd3 Rc1+ 36. Kg2 Rc2 37. Nh3 Rc1 38. gxh4 Qc6+ 39. Rf3 Rc3
40. Qg5+ Bg7 41. Qd8+ Bf8 42. Qg5+ Kh8 43. Qxf5 Qxf3+ 44. Qxf3 Rxf3 45. Kxf3
Kg7 46. Nf4 Be7 47. Kg4 b5 48. Nd5 Bc5 49. f4 b4 50. Kf5 a5 51. Ke4 Kg6 52. Kd3
Kh5 53. Kc4 Bf2 54. Kb5 Be1 55. Ne3 Bc3 56. Nc4 Kxh4 57. Nxa5 Kg4 58. Nc6 Kxf4
59. Nxb4 Ke4 60. a4 f5 1/2-1/2

[Event "Voronezh op-A"]
[Site "Voronezh"]
[Date "2006.06.18"]
[Round "6"]
[White "Neverov, Valeriy"]
[Black "Gavrilov, Alexei V"]
[Result "0-1"]
[WhiteElo "2572"]
[BlackElo "2461"]
[PlyCount "106"]
[EventDate "2006.06.12"]
[EventType "swiss"]
[EventRounds "9"]
[EventCountry "RUS"]
[Source "ChessBase"]
[SourceDate "2006.07.14"]

1. d4 Nf6 2. c4 e6 3. Nf3 d5 4. Nc3 Be7 5. Bg5 h6 6. Bh4 O-O 7. e3 b6 8. Bd3
Bb7 9. O-O Nbd7 10. Qe2 c5 11. Bg3 cxd4 12. exd4 dxc4 13. Bxc4 Nh5 14. d5 Nxg3
15. hxg3 exd5 16. Bxd5 Bxd5 17. Nxd5 Bd6 18. Rad1 Nf6 19. Nc3 Qe7 20. Qa6 Bc5
21. a3 Qc7 22. Nb5 Qc8 23. Qa4 a5 24. Qf4 Rd8 25. Ne5 Qb7 26. Qf3 Qe4 27. Rfe1
Rxd1 28. Qxd1 Qf5 29. Nd4 Bxd4 30. Qxd4 Re8 31. f3 h5 32. Nd3 Rxe1+ 33. Nxe1
Qe6 34. Kf2 Qc6 35. Qd8+ Kh7 36. Qd3+ g6 37. Nc2 Qc5+ 38. Ne3 b5 39. Qc3 Qb6
40. b4 axb4 41. axb4 Nd7 42. Ke2 Nf8 43. Qe5 Qa6 44. Nd5 Nd7 45. Qd4 f6 46. f4
Kg7 47. Kd3 Qc6 48. Qe4 Qd6 49. Qe7+ Qxe7 50. Nxe7 Nb8 51. Nc8 Na6 52. Kc3 Nc7
53. Nb6 Kf7 0-1

[Event "St Petersburg-ch"]
[Site "St Petersburg"]
[Date "2006.06.03"]
[Round "1"]
[White "Vitiugov, Nikita"]
[Black "Solozhenkin, Evgeniy"]
[Result "1-0"]
[WhiteElo "2550"]
[BlackElo "2508"]
[PlyCount "63"]
[EventDate "2006.06.03"]
[EventType "tourn"]
[EventRounds "11"]
[EventCountry "RUS"]
[EventCategory "11"]
[Source "ChessBase"]
[SourceDate "2006.07.14"]

1. d4 Nf6 2. Nf3 d5 3. c4 e6 4. Nc3 Be7 5. Bg5 h6 6. Bh4 O-O 7. e3 b6 8. Qc2
Bb7 9. Bxf6 Bxf6 10. cxd5 exd5 11. g4 c5 12. O-O-O cxd4 13. exd4 Nc6 14. h4 Bc8
15. g5 hxg5 16. hxg5 Bxg5+ 17. Kb1 g6 18. a3 Bf5 19. Bd3 Bxd3 20. Qxd3 Bf6 21.
Rdg1 Ne7 22. Ne5 Kg7 23. Ng4 Qd6 24. Qf3 Rh8 25. Nb5 Qc6 26. Rc1 Rxh1 27. Qxh1
Qe6 28. Qh6+ Kg8 29. Qf4 Bg7 30. Nc7 Qc8 31. Nxa8 Qxa8 32. Qd6 1-0

[Event "Chess Cruise g/15'"]
[Site "Odessa/Istanbul"]
[Date "2006.08.30"]
[Round "5"]
[White "Zhukova, Natalia"]
[Black "Vaganian, Rafael A"]
[Result "1-0"]
[WhiteElo "2456"]
[BlackElo "2598"]
[PlyCount "57"]
[EventDate "2006.08.30"]
[EventType "tourn (rapid)"]
[EventRounds "11"]
[EventCountry "UKR"]
[EventCategory "11"]
[Source "ChessBase"]
[SourceDate "2006.09.14"]

1. d4 Nf6 2. c4 e6 3. Nf3 d5 4. Nc3 Be7 5. Bg5 h6 6. Bh4 O-O 7. e3 b6 8. Bd3
Bb7 9. O-O Nbd7 10. Bg3 c5 11. cxd5 exd5 12. Rc1 Ne4 13. Bf4 Nxc3 14. Rxc3 Nf6
15. Rc1 Ne4 16. Qe2 c4 17. Bxe4 dxe4 18. Ne5 b5 19. b3 Qe8 20. Qg4 Bc8 21. Qg3
g5 22. bxc4 Kh7 23. cxb5 Be6 24. Nc6 gxf4 25. Qxf4 f5 26. Nxe7 Qxe7 27. Rc6 Rf6
28. Qe5 Rd8 29. Rc7 1-0

[Event "Acropolis op"]
[Site "Athens"]
[Date "2006.08.16"]
[Round "4"]
[White "Kapnisis, Spyridon"]
[Black "Vouldis, Angelos"]
[Result "1/2-1/2"]
[WhiteElo "2419"]
[BlackElo "2521"]
[PlyCount "74"]
[EventDate "2006.08.13"]
[EventType "swiss"]
[EventRounds "9"]
[EventCountry "GRE"]
[Source "ChessBase"]
[SourceDate "2006.09.14"]

1. d4 Nf6 2. c4 e6 3. Nc3 d5 4. Bg5 Be7 5. e3 O-O 6. Nf3 h6 7. Bh4 b6 8. Qc2
Bb7 9. Bxf6 Bxf6 10. cxd5 exd5 11. O-O-O c5 12. g4 cxd4 13. exd4 Nc6 14. h4 g6
15. g5 hxg5 16. hxg5 Bxg5+ 17. Kb1 Bf6 18. Bd3 Nb4 19. Bxg6 Nxc2 20. Bh7+ Kg7
21. Rdg1+ Bg5 22. Nxg5 Kf6 23. Rh6+ Ke7 24. Bxc2 Qd7 25. Nf3 Rg8 26. Re1+ Kf8
27. Ne5 Qd8 28. Nb5 Bc8 29. f4 Bg4 30. f5 Rc8 31. Nd6 Rxc2 32. Nexf7 Qd7 33.
Rf6 Kg7 34. Rg6+ Kf8 35. Rf6 Kg7 36. Rg6+ Kf8 37. Rf6 Kg7 1/2-1/2

[Event "Dresden ZMD op"]
[Site "Dresden"]
[Date "2006.08.10"]
[Round "6"]
[White "Moradiabadi, Elshan"]
[Black "Baramidze, David"]
[Result "1-0"]
[WhiteElo "2502"]
[BlackElo "2591"]
[PlyCount "129"]
[EventDate "2006.08.05"]
[EventType "swiss"]
[EventRounds "9"]
[EventCountry "GER"]
[Source "ChessBase"]
[SourceDate "2006.09.14"]

1. d4 Nf6 2. Nf3 e6 3. c4 d5 4. Nc3 Be7 5. Bg5 h6 6. Bh4 O-O 7. e3 b6 8. Be2
Bb7 9. Bxf6 Bxf6 10. cxd5 exd5 11. b4 c6 12. O-O Qd6 13. Qb3 Nd7 14. Rfd1 Be7
15. Rab1 a5 16. bxa5 Rxa5 17. a4 Bd8 18. Qc2 f5 19. Bd3 g6 20. g3 Kg7 21. Rdc1
Rf6 22. Bf1 Re6 23. Nd2 Ra7 24. Rb2 Ba6 25. Bxa6 Rxa6 26. Ne2 Qb8 27. Nf4 Rf6
28. Nf3 Ra7 29. Qb3 Bc7 30. Rbc2 Bxf4 31. exf4 Qa8 32. Ne5 c5 33. Nxd7 Rxd7 34.
dxc5 bxc5 35. Rxc5 d4 36. Rc8 Qd5 37. Qxd5 Rxd5 38. R8c7+ Kg8 39. Kf1 d3 40.
Rc8+ Kg7 41. R1c7+ Rf7 42. Ke1 Rd4 43. Rxf7+ Kxf7 44. Ra8 d2+ 45. Kd1 Kg7 46.
a5 h5 47. a6 Rd6 48. a7 Ra6 49. Kxd2 Ra3 50. Ke2 Kh7 51. Kf1 Kg7 52. Kg2 Kh7
53. Kh3 Kg7 54. Kh4 Kh7 55. Kg5 Ra6 56. h3 Ra5 57. Kf6 Ra6+ 58. Kf7 Ra4 59. Kf8
Kh8 60. f3 Ra6 61. g4 h4 62. Kf7+ Kh7 63. Re8 Rxa7+ 64. Kf6 Ra6+ 65. Re6 1-0

[Event "George Marx mem 4th"]
[Site "Paks"]
[Date "2006.07.31"]
[Round "4"]
[White "Harikrishna, Penteala"]
[Black "Berkes, Ferenc"]
[Result "1/2-1/2"]
[WhiteElo "2682"]
[BlackElo "2601"]
[PlyCount "48"]
[EventDate "2006.07.28"]
[EventType "tourn"]
[EventRounds "10"]
[EventCountry "HUN"]
[EventCategory "15"]
[Source "ChessBase"]
[SourceDate "2006.09.14"]

1. d4 d5 2. c4 e6 3. Nc3 Be7 4. Nf3 Nf6 5. Bg5 O-O 6. e3 h6 7. Bh4 b6 8. Bd3
dxc4 9. Bxc4 Bb7 10. O-O Nbd7 11. Qe2 Ne4 12. Nxe4 Bxe4 13. Bg3 Bd6 14. Rac1
Bxg3 15. hxg3 c5 16. dxc5 Nxc5 17. b4 Nd7 18. Ba6 Qe7 19. a3 Rfd8 20. Nd4 Nf6
21. f3 e5 22. Nc6 Bxc6 23. Rxc6 Rd7 24. Rfc1 Rad8 1/2-1/2

[Event "Pardubice op-A"]
[Site "Pardubice"]
[Date "2006.07.28"]
[Round "8"]
[White "Potapov, Alexander1"]
[Black "Ivanov, Alexey2"]
[Result "1-0"]
[WhiteElo "2498"]
[BlackElo "2408"]
[PlyCount "51"]
[EventDate "2006.07.21"]
[EventType "swiss"]
[EventRounds "9"]
[EventCountry "CZE"]
[Source "ChessBase"]
[SourceDate "2006.09.14"]

1. d4 Nf6 2. c4 e6 3. Nc3 d5 4. Bg5 Be7 5. e3 h6 6. Bh4 O-O 7. Nf3 b6 8. Qc2
Bb7 9. Bxf6 Bxf6 10. cxd5 exd5 11. h4 c5 12. O-O-O Nc6 13. g4 cxd4 14. exd4 Bc8
15. g5 hxg5 16. hxg5 Bxg5+ 17. Nxg5 Qxg5+ 18. f4 Qxf4+ 19. Kb1 Bf5 20. Bd3 Nb4
21. Nxd5 Nxd5 22. Bxf5 Rfd8 23. Rdf1 Qc7 24. Qg2 Qd6 25. Bh7+ Kf8 26. Be4 1-0

[Event "Canadian op"]
[Site "Kitchener"]
[Date "2006.07.20"]
[Round "6"]
[White "Kunte, Abhijit"]
[Black "Huzman, Alexander"]
[Result "1/2-1/2"]
[WhiteElo "2535"]
[BlackElo "2585"]
[PlyCount "29"]
[EventDate "2006.07.15"]
[EventType "swiss"]
[EventRounds "9"]
[EventCountry "CAN"]
[Source "ChessBase"]
[SourceDate "2006.09.14"]

1. d4 Nf6 2. c4 e6 3. Nf3 d5 4. Nc3 Be7 5. Bg5 h6 6. Bh4 O-O 7. e3 b6 8. Bd3
Bb7 9. O-O Nbd7 10. Bg3 c5 11. Qe2 dxc4 12. Bxc4 a6 13. a4 cxd4 14. exd4 Bb4
15. Bd3 1/2-1/2

[Event "Oberwart op"]
[Site "Oberwart"]
[Date "2006.07.14"]
[Round "7"]
[White "Gofshtein, Leonid D"]
[Black "Kovacs, Gabor H"]
[Result "1/2-1/2"]
[WhiteElo "2521"]
[BlackElo "2429"]
[PlyCount "61"]
[EventDate "2006.07.08"]
[EventType "swiss"]
[EventRounds "9"]
[EventCountry "AUT"]
[Source "ChessBase"]
[SourceDate "2006.09.14"]

1. d4 Nf6 2. Nf3 e6 3. c4 d5 4. Nc3 Be7 5. Bg5 h6 6. Bh4 O-O 7. e3 b6 8. Qb3
Bb7 9. Bxf6 Bxf6 10. cxd5 exd5 11. Rd1 Re8 12. Bd3 c5 13. Bb1 c4 14. Qc2 g6 15.
b3 Na6 16. Qb2 Qd7 17. O-O b5 18. bxc4 bxc4 19. Ne5 Bxe5 20. dxe5 Rxe5 21. f4
Rxe3 22. f5 Bc6 23. fxg6 fxg6 24. Ne4 Qg7 25. Qc1 Re2 26. Rf6 Nc5 27. Rxc6 Nxe4
28. Rxc4 Rf8 29. Rxe4 Rxe4 30. Bxe4 dxe4 31. h3 1/2-1/2

[Event "CHN-ch"]
[Site "Wuxi"]
[Date "2006.06.28"]
[Round "4"]
[White "Bu Xiangzhi"]
[Black "Zhang Zhong"]
[Result "1/2-1/2"]
[WhiteElo "2640"]
[BlackElo "2640"]
[PlyCount "50"]
[EventDate "2006.06.25"]
[EventType "tourn"]
[EventRounds "11"]
[EventCountry "CHN"]
[EventCategory "14"]
[Source "ChessBase"]
[SourceDate "2006.09.14"]

1. d4 d5 2. Nf3 Nf6 3. c4 e6 4. Nc3 Be7 5. Bg5 h6 6. Bh4 O-O 7. e3 b6 8. Rc1
Bb7 9. Bd3 Nbd7 10. cxd5 exd5 11. O-O c5 12. Bf5 Re8 13. b3 Ne4 14. Bxe7 Rxe7
15. dxc5 Ndxc5 16. b4 Ne6 17. Bxe6 Rxe6 18. Nxe4 Rxe4 19. Nd4 Ba6 20. b5 Bb7
21. Qf3 Rc8 22. Qg3 Rc4 23. h3 Qc8 24. Rxc4 dxc4 25. Rc1 Re8 1/2-1/2